书目信息 |
| 题名: |
教师健康解码
|
|
| 作者: | 魏晓光 , 任晶 编著 | |
| 分册: | 给教师的饮食建议 | |
| 出版信息: | 长春 东北师范大学出版社 2014 |
|
| 页数: | 200页 | |
| 开本: | 24cm | |
| 丛书名: | ||
| 单 册: | ||
| 中图分类: | G478.2 , R153.9 | |
| 科图分类: | ||
| 主题词: | 教师--保健--基本知识 , 教师--膳食营养--基本知识 | |
| 电子资源: | ||
| ISBN: | 978-7-5681-0141-7 | |
| 000 | 01170nam0 2200277 450 | |
| 001 | 012015000104 | |
| 005 | 20151130084530.51 | |
| 010 | @a978-7-5681-0141-7@dCNY38.00 | |
| 100 | @a20141021d2014 em y0chiy50 ea | |
| 101 | 0 | @achi |
| 102 | @aCN@b220000 | |
| 105 | @ay z 000yy | |
| 106 | @ar | |
| 200 | 1 | @a教师健康解码@Ajiao shi jian kang jie ma@i给教师的饮食建议@f魏晓光,任晶编著 |
| 210 | @a长春@c东北师范大学出版社@d2014 | |
| 215 | @a200页@d24cm | |
| 300 | @a学思书系·教师生活阅读系列 | |
| 330 | @a本书根据中医理论、现代营养学知识及现代医学研究成果,针对教师平时缺少运动、工作压力大、饮食结构不均衡、脑力劳动大、易疲劳的特点,从养护后天的五谷杂粮、富于能量的肉鱼蛋奶、毓精保神的水果鲜蔬、慧人健脑的坚果种子四方面推荐了有益于教师身体健康的食物,通过介绍食物营养、功用及食用方法,让教师知道自己应该吃什么及怎样吃才能更好地符合饮食营养与保健的要求,对教师自我保健、预防疾病提供参考。 | |
| 606 | 0 | @a教师@x保健@x基本知识 |
| 606 | 0 | @a教师@x膳食营养@x基本知识 |
| 690 | @aG478.2@v5 | |
| 690 | @aR153.9@v5 | |
| 701 | 0 | @a魏晓光@Awei xiao guang@4编著 |
| 701 | 0 | @a任晶@Aren jing@4编著 |
| 801 | 0 | @aCN@b碧洲教育@c20151127 |
| 905 | @a10447@f4@dG478.2@e96 | |
| 教师健康解码.给教师的饮食建议/魏晓光,任晶编著.-长春:东北师范大学出版社,2014 |
| 200页;24cm |
| 学思书系·教师生活阅读系列 |
| ISBN 978-7-5681-0141-7:CNY38.00 |
| 本书根据中医理论、现代营养学知识及现代医学研究成果,针对教师平时缺少运动、工作压力大、饮食结构不均衡、脑力劳动大、易疲劳的特点,从养护后天的五谷杂粮、富于能量的肉鱼蛋奶、毓精保神的水果鲜蔬、慧人健脑的坚果种子四方面推荐了有益于教师身体健康的食物,通过介绍食物营养、功用及食用方法,让教师知道自己应该吃什么及怎样吃才能更好地符合饮食营养与保健的要求,对教师自我保健、预防疾病提供参考。 |
| ● |
| 相关链接 |
|
|
|
|
正题名:教师健康解码
索取号:G478.2/96
 
预约/预借
| 序号 | 登录号 | 条形码 | 馆藏地/架位号 | 状态 | 备注 |
| 1 | 0871482 | 208714827 | 第一样本阅览室/ [索取号:G478.2/96] | 在馆 | |
| 2 | 0871483 | 208714836 | 第四借阅区/ [索取号:G478.2/96] | 在馆 | |
| 3 | 0871484 | 208714845 | 第四借阅区/ [索取号:G478.2/96] | 在馆 | |
| 4 | 0871485 | 208714854 | 第四借阅区/ [索取号:G478.2/96] | 在馆 |